Basic electronics for scientists, 5/e (Record no. 238124)

000 -LEADER
fixed length control field 00247 a2200109 4500
001 - CONTROL NUMBER
control field 3051
090 ## - LOCALLY ASSIGNED LC-TYPE CALL NUMBER (OCLC); LOCAL CALL NUMBER (RLIN)
-- 2336
-- 2336
100 ## - MAIN ENTRY--PERSONAL NAME
Personal name Brophy, J,J,
245 ## - TITLE STATEMENT
Title Basic electronics for scientists, 5/e
250 ## - EDITION STATEMENT
Edition statement 5
260 ## - PUBLICATION, DISTRIBUTION, ETC.
Place of publication, distribution, etc. NY
Name of publisher, distributor, etc. Mc Graw hill
Date of publication, distribution, etc. 1990
942 ## - ADDED ENTRY ELEMENTS (KOHA)
Institution code [OBSOLETE] NUST-CAE
Call number prefix 621.381BRO
Holdings
Withdrawn status Lost status Damaged status Not for loan Collection code Permanent Location Current Location Date acquired Total Checkouts Full call number Barcode Date last seen Price effective from Koha item type
          College of Aeronautical Engineering (CAE) College of Aeronautical Engineering (CAE) 04/03/2017   621.381BRO CAE65743 04/05/2017 04/05/2017 Book
© 2023 Central Library, National University of Sciences and Technology. All Rights Reserved.